[Event "Moscow ol (Men)"]
[Site "Moscow"]
[Date "1994.??.??"]
[Round "4"]
[White "Markowski, Tomasz"]
[Black "Russek, Guil"]
[Result "1-0"]
[WhiteElo "2475"]
[BlackElo "2340"]

1.g3 d5 2.Nf3 Nf6 3.Bg2 c5 4.O-O Nc6 5.c4 e6 6.d4 Be7 7.cxd5 exd5 8.Nc3 O-O
9.b3 Ne4 10.Bb2 Bf6 11.Na4 Re8 12.Rc1 cxd4 13.Nxd4 Bd7 14.Nc5 Nxd4 15.Bxd4 Bc6
16.e3 Rc8 17.Bh3 Ra8 18.Rc2 Ng5 19.Bg2 Ne6 20.Bxf6 Qxf6 21.Qa1 Qg6 22.Rfc1 Rad8
23.Qb2 Ng5 24.h4 Ne4 25.Nxe4 dxe4 26.Rd2 Rxd2 27.Qxd2 Qe6 28.Bf1 h6 29.Qd4 a6
30.Bc4 Qe7 31.b4 Kh7 32.a3 f5 33.Rd1 Qe5 34.Bf7 Qxd4 35.Rxd4 Rf8 36.Bc4 Rc8
37.Be6 Rf8 38.Bd7 Bxd7 39.Rxd7 Rb8 40.h5 Kg8 41.Kg2 b5 42.Rd6 Ra8 43.Rb6 Kf7
44.g4 fxg4 45.Kg3 a5 46.Kxg4 axb4 47.axb4 Ra2 48.Rxb5 Rb2 49.Rb7+ Kf6 50.Rb6+ Kf7
51.Kg3 Ke7 52.Kf4 Rxf2+ 53.Kxe4 Rh2 54.Rb5 Rh4+ 55.Kd3 Kd6 56.e4 Rh1 57.Rd5+ Ke6
58.Kd4 Rd1+ 59.Kc5 Rc1+ 60.Kb6 Rc4 61.b5 Rxe4 62.Kc6 Rb4 63.Rc5 g5 64.hxg6 Kf6
65.b6  1-0

[Event "Moscow op"]
[Site "Moscow"]
[Date "1994.??.??"]
[Round "5"]
[White "Krasnov, Sergey"]
[Black "Lebedev, Vasili"]
[Result "1/2-1/2"]
[WhiteElo "2325"]
[BlackElo "2255"]

1.Nf3 d5 2.g3 Nf6 3.Bg2 c6 4.O-O g6 5.b3 Bg7 6.Bb2 O-O 7.d3 Nbd7 8.c4 Re8
9.Qc2 e5 10.e3 Qc7 11.Nbd2 dxc4 12.Nxc4 Nd5 13.a3 N5b6 14.Ncd2 Nf8 15.d4 exd4
16.Bxd4 Ne6 17.Bxg7 Nxg7 18.Ne4 Qe7 19.Nd4 Nf5 20.Qb2 Nd5 21.Rfd1 Nxd4 22.Rxd4 Bf5
23.Rad1 Bxe4 24.Bxe4 Nb6 25.Bg2 Rad8 26.b4 Rxd4 27.Qxd4 Qe5 28.Qd3 Re7 29.Qd8+ Re8
30.Qd3 Re7 31.Qc2 Rd7 32.Rxd7 Nxd7 33.Bf1 Nb6 34.h4 a5 35.bxa5 Qxa5 36.Qb2 Qc5
37.Be2 Qa5 38.Bf1 Qc5 39.Be2 Qa5 40.h5 gxh5 41.Bd3 Nd5 42.Qxb7 Qxa3 43.Qc8+ Kg7
44.Qf5 Qc3 45.Qg5+ Kh8 46.Qh6 Nf6 47.Qf8+ Ng8 48.Be4 Qf6 49.Qc5 Ne7 50.Qxh5 h6
51.Qc5 Kg7 52.Kg2 Qg5 53.Qd4+ Qf6 54.Qc4 Qe6 55.Qd4+ Qf6 56.Qb4 Qe5 57.f4 Qe6
58.Kf3 Nd5 59.Qd4+ Nf6 60.Bd3 Qg4+ 61.Kf2 Qd1 62.Be2 Qc2 63.g4 c5 64.Qe5 Kg6
65.Qd6 Kg7 66.Qe5 Kg6 67.Qd6 Kg7 68.Qe5 Kg6  1/2-1/2

[Event "Moscow ol (Men)"]
[Site "Moscow"]
[Date "1994.??.??"]
[Round "5"]
[White "Ong Chong Ghee"]
[Black "Reefat bin Satter"]
[Result "1-0"]
[WhiteElo "2305"]
[BlackElo "2405"]

1.Nf3 d5 2.g3 Nf6 3.Bg2 e6 4.O-O Be7 5.d3 O-O 6.Nbd2 b5 7.e4 Bb7 8.e5 Nfd7
9.Re1 c5 10.Nf1 Nc6 11.h4 Qc7 12.Bf4 d4 13.N1h2 Nb4 14.Qe2 Nd5 15.Bg5 Rae8
16.Bh3 f5 17.exf6 Bxf6 18.Bxf6 N5xf6 19.a4 e5 20.axb5 e4 21.dxe4 Rxe4 22.Qf1 Ne5
23.Ng5 Rxe1 24.Rxe1 Qd6 25.f4 Nh5 26.Rxe5  1-0

[Event "Moscow op"]
[Site "Moscow"]
[Date "1994.??.??"]
[Round "5"]
[White "Moizhess, Igor"]
[Black "Vulfson, Vladimir"]
[Result "1-0"]
[WhiteElo "2470"]
[BlackElo "2430"]

1.Nf3 d5 2.g3 Bg4 3.Bg2 Nd7 4.O-O c6 5.d3 e5 6.c4 dxc4 7.dxc4 Ngf6 8.Nc3 Be7
9.h3 Be6 10.b3 h6 11.Qc2 O-O 12.Nh4 Re8 13.Nf5 Bf8 14.g4 g6 15.Nxh6+ Bxh6
16.Bxh6 Bxg4 17.Rad1 Be6 18.Bg5 Qa5 19.Ne4 Nxe4 20.Qxe4 Bf5 21.Qh4 e4 22.Rd6 Nf8
23.Bf6 Nh7 24.Ba1 Qc7 25.Rfd1 Qe7 26.Qh6 Qf8 27.Qe3 f6 28.c5 Qf7 29.Qf4 Re6
30.h4 Rae8 31.e3 Kg7 32.Bf1 Rxd6 33.cxd6 Be6 34.Bg2 Bd5 35.Bh3 Rd8 36.Kh2 Qf8
37.d7 Qe7 38.Rg1 Bf7 39.h5  1-0

[Event "Moscow ol (Men)"]
[Site "Moscow"]
[Date "1994.??.??"]
[Round "5"]
[White "Kengis, Edvins"]
[Black "Renet, Olivier"]
[Result "1/2-1/2"]
[WhiteElo "2580"]
[BlackElo "2530"]

1.Nf3 d5 2.g3 c6 3.Bg2 Bg4 4.O-O Nd7 5.b3 e6 6.Bb2 Ngf6 7.c4 Bd6 8.d4 Qb8
9.Nbd2 O-O 10.Nh4 e5 11.cxd5 cxd5 12.h3 Be6 13.dxe5 Bxe5 14.Bxe5 Nxe5 15.Ndf3 Nc6
16.Nd4 Qd6 17.Nxc6 bxc6 18.Qc2 c5 19.Rfd1 Qb6 20.Rac1 Rac8 21.Nf5 Rfe8 22.Ne3 d4
23.Nc4 Qa6 24.e4 Nd7 25.f4 f6 26.Bf1 Qc6 27.Nb2 Qb7 28.Kh2 Kh8 29.Bd3 Nb6
30.Re1 Bg8 31.Qd2 Rc7 32.Rc2 a5 33.Rec1 Rec8 34.Qe2 Qa8 35.Ba6 Re8 36.Bd3 Bd5
37.Rxc5 Rxc5 38.Rxc5 Bxe4 39.Bxe4 Rxe4 40.Qg2 Qe8 41.Rc2 f5 42.Nd3 Nd5 43.Qf3 Nb4
44.Nxb4 axb4 45.Qd3 h6 46.Qc4 Kh7 47.Rg2 Qf8 48.Qd5 Qf6 49.Rd2 Kg6 50.Rc2 Kh7
51.Rc6 Qf8 52.h4 Re2+ 53.Kh3 Rxa2 54.Rc7 Ra6 55.Qxd4 Rf6 56.Qa7 h5 57.Qb7 Qg8
58.Qxb4 Qd5 59.Qb7 Qxb7 60.Rxb7 Rc6 61.Kg2 Rc2+ 62.Kf3 Rc3+ 63.Kf2 Rc2+ 64.Ke3 Rc3+  1/2-1/2

[Event "Moscow op"]
[Site "Moscow"]
[Date "1994.??.??"]
[Round "6"]
[White "Ivanov, Timur"]
[Black "Zakharov, Valentin M"]
[Result "1/2-1/2"]
[WhiteElo "2435"]
[BlackElo "2340"]

1.Nf3 d5 2.g3 c5 3.Bg2 Nc6 4.O-O Nf6 5.d4 e6 6.c4 dxc4 7.Qa4 Bd7 8.dxc5 Bxc5
9.Qxc4 Qb6 10.Nc3 Be7 11.b3 O-O 12.Bb2 Rac8 13.Qf4 Qb4 14.Rfd1 Rfd8 15.h3 Be8
16.Qxb4  1/2-1/2

[Event "Moscow ol (Men)"]
[Site "Moscow"]
[Date "1994.??.??"]
[Round "6"]
[White "Hug, Werner"]
[Black "Arencibia, Walter"]
[Result "1/2-1/2"]
[WhiteElo "2445"]
[BlackElo "2480"]

1.Nf3 d5 2.g3 Nf6 3.Bg2 g6 4.O-O Bg7 5.d4 O-O 6.c4 c6 7.cxd5 cxd5 8.Nc3 Nc6
9.Ne5 e6 10.Nxc6 bxc6 11.Qb3  1/2-1/2

[Event "Moscow ol (Women)"]
[Site "Moscow"]
[Date "1994.??.??"]
[Round "6"]
[White "Belakovskaia, Anjelina"]
[Black "Hund, Barbara"]
[Result "1/2-1/2"]
[WhiteElo "2320"]
[BlackElo "2255"]

1.Nf3 d5 2.g3 Nf6 3.Bg2 Bf5 4.d3 h6 5.c4 c6 6.cxd5 cxd5 7.Qb3 Qb6 8.Qxb6 axb6
9.Nd4 Bd7 10.Nc3 e6 11.Ndb5 Na6 12.Bf4 Bxb5 13.Nxb5 Bb4+ 14.Bd2 Kd7 15.d4 Rhc8
16.a3 Bxd2+ 17.Kxd2 Nc7 18.Nc3 Nfe8 19.e3 Nd6 20.b3 Ncb5 21.Nb1 Rc7 22.Rc1 Rxc1
23.Kxc1 Rc8+ 24.Kd2 Na7 25.Nc3 Nab5 26.Na4 Rc6 27.f3 f5 28.Kd3 Ke7 29.e4 dxe4+
30.fxe4 fxe4+ 31.Bxe4 Nxe4 32.Kxe4 Rd6 33.Rd1 Nxa3 34.Nb2 Nb5 35.Rd3 Rd5
36.Nc4 Nd6+ 37.Nxd6 Kxd6 38.Rf3 Ke7 39.Rc3 Rb5 40.Rc7+ Kf6 41.Rxb7 Rxb3 42.g4 Rb4
43.Rc7 g6 44.h4 Rb1 45.Rc6 b5 46.Rb6 Ke7 47.Ke5 Re1+ 48.Kf4 Rb1 49.Ke5 Re1+
50.Kf4 Rf1+ 51.Ke5 Re1+  1/2-1/2

[Event "Moscow ol (Men)"]
[Site "Moscow"]
[Date "1994.??.??"]
[Round "6"]
[White "Hergott, Deen"]
[Black "Guliev, Sarhan"]
[Result "0-1"]
[WhiteElo "2430"]
[BlackElo "2490"]

1.Nf3 d5 2.g3 c6 3.Bg2 Nf6 4.O-O Bf5 5.d3 e6 6.Nbd2 h6 7.Qe1 Be7 8.e4 Bh7
9.Qe2 O-O 10.Re1 a5 11.e5 Nfd7 12.Nf1 Re8 13.h4 c5 14.N1h2 Nc6 15.a3 b5 16.h5 c4
17.d4 b4 18.a4 Be4 19.Bh3 Nf8 20.c3 Nh7 21.Nd2 Bd3 22.Qd1 Rb8 23.f4 Qb6 24.Ndf3 bxc3
25.bxc3 Qb3 26.Qd2 Nf8 27.g4 Qc2 28.Qxc2 Bxc2 29.f5 Rb3 30.Bd2 Reb8 31.g5 exf5
32.gxh6 gxh6 33.Nf1 Be4 34.N1h2 Ne6 35.Kf2 Rb2 36.Rg1+ Kh7 37.Ke1 Ng5 38.Bxg5 hxg5
39.Nd2 Rxd2  0-1

[Event "Moscow ol (Men)"]
[Site "Moscow"]
[Date "1994.??.??"]
[Round "7"]
[White "Jones, Andrew"]
[Black "Murshed, Niaz"]
[Result "0-1"]
[WhiteElo "2300"]
[BlackElo "2520"]

1.Nf3 d5 2.g3 c6 3.Bg2 Bg4 4.O-O Nd7 5.d3 e6 6.Nbd2 Ngf6 7.e4 dxe4 8.dxe4 Bc5
9.Qe2 O-O 10.e5 Nd5 11.Nb3 Bb6 12.c4 Ne7 13.Bd2 Ng6 14.Bb4 Re8 15.Bd6 Bc7
16.Rad1 Qb8 17.Bxc7 Qxc7 18.h3 Bxf3 19.Bxf3 Ngxe5 20.Bg2 Nf6 21.Rfe1 Ned7
22.Rd2 e5 23.Red1 Re7 24.Qe3 Nb6 25.Qc5 Rae8 26.Re1 e4 27.Rde2 Re5 28.Qd4 c5
29.Qc3 Nc8 30.Nd2 Nd6 31.f3 h5 32.fxe4 Nf5 33.Nf1 Nd4 34.Re3 Qc6 35.Nd2 Qa6
36.b3 Qxa2 37.Nf3 Nxf3+ 38.Bxf3 Qa6 39.Kg2 Qe6 40.R1e2 g5 41.Kh2 a6 42.Bg2 Rd8
43.Qc1 Qd6 44.Qf1 h4 45.Kh1 Nh5 46.gxh4 gxh4 47.Qf2 Qe7 48.Re1 Qg5 49.Rg1 Ng3+
50.Kh2 f5 51.Bf1 f4 52.Re1 Kh8 53.Bg2 Rd4 54.Bf3 Rd3 55.Rb1 a5 56.Rgd1 Rxd1
57.Rxd1 Nxe4 58.Bxe4 Qg3+ 59.Qxg3 hxg3+ 60.Kg2 Rxe4 61.Rd7 Re2+ 62.Kg1 f3  0-1

[Event "Moscow op"]
[Site "Moscow"]
[Date "1994.??.??"]
[Round "7"]
[White "Krasnov, Sergey"]
[Black "Rychagov, Andrei"]
[Result "0-1"]
[WhiteElo "2325"]
[BlackElo "2295"]

1.Nf3 d5 2.g3 Bg4 3.Bg2 c6 4.b3 Nd7 5.Bb2 Ngf6 6.O-O e6 7.d3 Bd6 8.Nbd2 O-O
9.e4 e5 10.h3 Bxf3 11.Bxf3 Re8 12.Bg2 Qc7 13.Qe2 a5 14.a3 Nf8 15.Nf3 Rad8
16.Rfe1 d4 17.Nh4 b5 18.Bc1 c5 19.Nf5 c4 20.bxc4 bxc4 21.dxc4 Bc5 22.Bg5 Qc6
23.Qf3 N8d7 24.Bf1 Rb8 25.Bd3 Bf8 26.g4 Nc5 27.Bd2 a4 28.g5 Nfd7 29.Bf1 Rb2
30.Qd1 Ne6 31.Bc1 Rbb8 32.Qg4 Nb6 33.h4 Nxc4 34.h5 g6 35.Nh6+ Bxh6 36.gxh6 Nb6
37.Bd3 Nd7 38.Qf3 Qc3 39.Be3 dxe3 40.fxe3 Qc5 41.Rf1 Qe7 42.hxg6 fxg6 43.Bc4 Qg5+
44.Kf2 Qxh6 45.Ke2 Qg7 46.Bd5 Nb6 47.Ba2 Rbc8 48.Kd1 Qd7+ 49.Kc1 Rf8 50.Qe2 Rxf1+
51.Qxf1 Kg7 52.Rb1 Qc6 53.Qd3 Nc5 54.Qe2 Nxe4 55.Qh2 Qc5  0-1

[Event "Moscow ol (Men)"]
[Site "Moscow"]
[Date "1994.??.??"]
[Round "9"]
[White "Kengis, Edvins"]
[Black "Vera, Reynaldo"]
[Result "1-0"]
[WhiteElo "2580"]
[BlackElo "2485"]

1.Nf3 d5 2.g3 c6 3.Bg2 Nf6 4.O-O Bf5 5.d3 h6 6.c4 dxc4 7.Ne5 g6 8.Nxc4 Bg7
9.Qb3 Qc8 10.Nc3 Nbd7 11.Na5 Nb6 12.Be3 Nfd7 13.Rac1 O-O 14.d4 e6 15.Bd2 g5
16.e4 Bg6 17.Be3 Rb8 18.d5 exd5 19.exd5 c5 20.Ne4 Bxe4 21.Bxe4 Qe8 22.Bg2 Qe5
23.Rc2 Rfe8 24.d6 Qxd6 25.Nxb7 Qf6 26.Nxc5 Nxc5 27.Rxc5 Nd7 28.Rb5 a6 29.Rxb8 Rxb8
30.Qd5 Ne5 31.b3 Ng4 32.Ba7 Rd8 33.Qf3 Qe6 34.Rd1 Rxd1+ 35.Qxd1 Bf6 36.h3 Ne5
37.Qd5 Qf5 38.a4 Kg7 39.Bc5 Qc2 40.Be4 Qe2 41.Kg2 g4 42.hxg4 Qxg4 43.f3 Qc8
44.b4 h5 45.Qa8 Qxa8 46.Bxa8 Nd3 47.Bd6 Bc3 48.b5 axb5 49.axb5 Be5 50.Bxe5+ Nxe5
51.Bd5 Nd7 52.Kh3 Nb6 53.Bb3 Kg6 54.Kh4 Nd7 55.f4 f5 56.Bd1 Nb6 57.Bxh5+ Kf6
58.Bd1 Nd5 59.Bb3 Nb6 60.Kh3 Ke7 61.Bc2  1-0

[Event "Moscow ol (Men)"]
[Site "Moscow"]
[Date "1994.??.??"]
[Round "12"]
[White "Dumitrache, Dragos"]
[Black "Shabalov, Alexander"]
[Result "1/2-1/2"]
[WhiteElo "2475"]
[BlackElo "2600"]

1.Nf3 d5 2.g3 Bg4 3.Bg2 Nd7 4.O-O e6 5.d3 Bd6 6.e4 Ne7 7.h3 Bh5 8.Nc3 c6
9.d4 O-O 10.e5 Bc7 11.Ne2 f6 12.Nf4 Bf7 13.exf6 gxf6 14.Nh4 Ng6 15.Nhxg6 hxg6
16.h4 Re8 17.h5 Bxf4 18.hxg6 Bxg6 19.Bxf4 Kf7 20.Re1 b5 21.a4 b4 22.a5 Rc8
23.Bd6 c5 24.Ra4 cxd4 25.Qxd4 Bxc2 26.Rxb4 Qxa5 27.b3 Qa6 28.Bf4 Nb6 29.Ra1 Qb7
30.Be3 Rc7 31.Qh4 Qc6 32.Bd4 e5 33.Rxa7 Nd7 34.Rc4 dxc4 35.Bxc6 Rxc6 36.bxc4 exd4
37.Qxd4 Re5 38.Qd5+ Rce6 39.Ra6 Bf5 40.f4 Ke7  1/2-1/2

[Event "Moscow ol (Men)"]
[Site "Moscow"]
[Date "1994.??.??"]
[Round "12"]
[White "Palacios Llera, Francisco"]
[Black "Livshits, Ron"]
[Result "1-0"]
[WhiteElo "2310"]
[BlackElo "2370"]

1.Nf3 d5 2.g3 c6 3.b3 Bg4 4.Bg2 e6 5.Bb2 Nf6 6.d3 Nbd7 7.Nbd2 a5 8.a3 Bd6
9.O-O O-O 10.e4 dxe4 11.dxe4 Be5 12.Bxe5 Nxe5 13.Qe1 Nxf3+ 14.Bxf3 Bh3 15.Bg2 Bxg2
16.Kxg2 Qd4 17.Qe2 Rfd8 18.Rad1 a4 19.Rfe1 axb3 20.cxb3 b5 21.Nf3 Qc5 22.b4 Qa7
23.Rxd8+ Rxd8 24.Qe3 Ra8 25.Qxa7 Rxa7 26.Re3 Rc7 27.Nd4 e5 28.Nb3 Kf8 29.Kf3 Ke7
30.Rc3 Nd7 31.Kg4 Nb6 32.Na5 Kd6 33.f4 f6 34.Kf5 Nd7 35.Nb3 g6+ 36.Kg4 c5
37.bxc5+ Nxc5 38.fxe5+ fxe5 39.Nxc5 Rxc5 40.Rd3+ Ke6 41.Kg5 Rc4 42.Re3 b4
43.axb4 Rxb4 44.Kh6 Rb7 45.h4 Rf7 46.Ra3 Kd6 47.Rd3+ Ke6 48.Rb3 Kd6 49.Ra3 Rb7
50.Ra8 Rb3 51.Ra6+ Ke7 52.Kxh7 Rxg3 53.Rxg6 Rf3 54.h5 Rf4 55.h6 Kf7 56.Rg7+ Kf8
57.Kg6 Rg4+ 58.Kf5 Rh4 59.Rg6 Kf7 60.Rf6+ Ke7 61.Kg5 Rh1 62.Rf5 Rg1+ 63.Kh5 Ke6
64.h7 Rh1+ 65.Kg6 Rh4 66.Rh5 Rg4+ 67.Kh6  1-0

[Event "Moscow ol (Men)"]
[Site "Moscow"]
[Date "1994.??.??"]
[Round "13"]
[White "Dumitrache, Dragos"]
[Black "Arencibia, Walter"]
[Result "1/2-1/2"]
[WhiteElo "2475"]
[BlackElo "2480"]

1.Nf3 d5 2.g3 e6 3.Bg2 Nf6 4.O-O Be7 5.d3 b6 6.Nbd2 Bb7 7.Ne5 Nbd7 8.Nxd7 Qxd7
9.a4 O-O 10.e4 dxe4 11.dxe4 e5 12.Qe2 a5 13.Re1 Ba6 14.Qf3 Qc6 15.c3 Rad8
16.Bf1 Bxf1 17.Nxf1 Rfe8 18.Bg5 Qe6 19.Bxf6 Bxf6 20.Ne3 c6 21.Qe2 Be7 22.Nc4 Bc5
23.Rad1 h5 24.h4 Qh3 25.Qf3 Qe6 26.b3 g6 27.Kg2 Ra8 28.Ra1 Red8 29.Red1 Rxd1
30.Qxd1 Kg7 31.Ra2 Ra7 32.Qe2 Ra8 33.Qd3 Qf6 34.Rd2 g5 35.Nd6 Bxd6 36.Qxd6 gxh4
37.Qxf6+ Kxf6 38.Rd6+ Kg5 39.gxh4+ Kxh4 40.Rxc6 Rg8+ 41.Kf1 Rg6 42.Rc7 Rf6
43.Re7 Rf3 44.Rxe5 Rxc3 45.Rb5 Rc6 46.Rf5 Re6 47.f3 Kg3 48.Ke2 h4 49.Rxf7 Rg6
50.Rh7 h3 51.Ke3 Kg2 52.e5 Rg3 53.e6 Rg6 54.e7 Re6+ 55.Kf4 h2 56.Rg7+ Kf2  1/2-1/2

[Event "Moscow ol (Women)"]
[Site "Moscow"]
[Date "1994.??.??"]
[Round "14"]
[White "Sofieva, Ainur"]
[Black "Tsiganova, Monika"]
[Result "0-1"]
[WhiteElo "2385"]
[BlackElo "2260"]

1.Nf3 d5 2.g3 Nf6 3.Bg2 e6 4.O-O c5 5.d3 Be7 6.Nbd2 b6 7.e4 dxe4 8.dxe4 Bb7
9.e5 Nfd7 10.Re1 Nc6 11.c3 O-O 12.h4 Qc7 13.Qe2 Rfd8 14.Nf1 b5 15.N1h2 c4
16.Ng4 Nc5 17.Ng5 h5 18.Nh2 g6 19.f4 Nd3 20.Rf1 Bxg5 21.hxg5 Ne7 22.Nf3 Nf5
23.Kh2 Nxc1 24.Raxc1 Rd3 25.Rfd1 Rad8 26.Rxd3 Rxd3 27.Rd1 Qc5 28.Rd2 Qe3
29.Qxe3 Nxe3 30.Re2 Ng4+  0-1

[Event "Moscow ol (Women)"]
[Site "Moscow"]
[Date "1994.??.??"]
[Round "14"]
[White "Parfenova, Olga"]
[Black "Frometa, Zirka"]
[Result "1/2-1/2"]
[WhiteElo "2160"]
[BlackElo "2180"]

1.Nf3 d5 2.g3 g6 3.Bg2 Bg7 4.O-O Nf6 5.d3 O-O 6.Nbd2 c5 7.e4 Nc6 8.Re1 dxe4
9.dxe4 e5 10.c3 Qc7 11.Qc2 b6 12.Nf1 Bb7 13.Bg5 h6 14.Bxf6 Bxf6 15.Ne3 Ne7
16.Rad1 Rad8 17.Bf1 Bg7 18.Bc4 Rxd1 19.Rxd1 Rd8 20.Rxd8+ Qxd8 21.Qa4 a5 22.Ng4 Nc6
23.Bd5 Qc7 24.Ne3 Bf6 25.Nc4 Kg7 26.Qb3 Bd8 27.Ncxe5 a4 28.Qd1 Nxe5 29.Nxe5 Qxe5
30.Bxb7 a3 31.Qxd8 axb2 32.Qd3 b5 33.Ba6 Qe6 34.Qb1 Qxa6 35.Qxb2 c4 36.Kg2 Qc6
37.f3 Qd7 38.Kf2 Qd3 39.h4 h5 40.a3 Qd1 41.Qb4 Qd2+  1/2-1/2

[Event "Moscow ol (Women)"]
[Site "Moscow"]
[Date "1994.??.??"]
[Round "14"]
[White "Borisova, Borislava"]
[Black "Hund, Barbara"]
[Result "0-1"]
[WhiteElo "2155"]
[BlackElo "2255"]

1.Nf3 d5 2.g3 Nf6 3.c4 c6 4.cxd5 cxd5 5.Qb3 e6 6.Nc3 Nc6 7.d3 d4 8.Nb1 e5
9.Bg2 Bb4+ 10.Bd2 Be6 11.Qa4 Bd6 12.Na3 O-O 13.Nc4 Bc7 14.Rc1 a6 15.Qc2 Rc8
16.O-O b5 17.Na3 Bd6 18.Qb1 Bd5 19.b4 Qe7 20.Nc2 Rc7 21.a3 Rfc8 22.Na1 a5
23.bxa5 Bxa3 24.Rcd1 b4 25.Nc2 Ra7 26.Nxa3 bxa3 27.Rc1 Rb8 28.Qc2 Nxa5 29.Bxa5 Rxa5
30.Nd2 h6 31.Bxd5 Nxd5 32.Nc4 Raa8 33.Ra1 Nc3 34.e3 a2 35.exd4 exd4 36.Rfe1 Qxe1+
37.Rxe1 Rb1  0-1

[Event "Muenster op"]
[Site "Muenster"]
[Date "1994.??.??"]
[Round "2"]
[White "Bobzin, Pierre"]
[Black "Lau, Ralf"]
[Result "0-1"]
[WhiteElo "2185"]
[BlackElo "2515"]

1.Nf3 d5 2.g3 Bg4 3.Bg2 Nd7 4.O-O e6 5.d3 Bd6 6.Nbd2 Ne7 7.Qe1 O-O 8.e4 c6
9.Nh4 e5 10.h3 Be6 11.Qe2 Qc7 12.Ndf3 f6 13.g4 g6 14.Bd2 Rfe8 15.Rfc1 a5
16.Nh2 Nc5 17.Nf1 Rad8 18.Ng3 b6 19.Qf3 Rf8 20.Qe2 Rf7 21.b3 Bc8 22.a3 Ne6
23.b4 axb4 24.axb4 Nf4 25.Qf1 c5 26.c3 cxb4 27.cxb4 Qd7 28.Nf3 Nxg2 29.Kxg2 Bb7
30.Kh2 Qb5 31.Be3 Nc6 32.d4 Qxf1 33.Rxf1 exd4 34.Nxd4 Nxb4 35.Nb5 Bc5 36.Bxc5 bxc5  0-1

[Event "Munich Express"]
[Site "Munich"]
[Date "1994.??.??"]
[Round "?"]
[White "Lobron, Eric"]
[Black "Kramnik, Vladimir"]
[Result "1/2-1/2"]
[WhiteElo "2570"]
[BlackElo "2710"]

1.Nf3 d5 2.g3 c6 3.Bg2 Bg4 4.O-O Nd7 5.b3 e5 6.Bb2 Bd6 7.d3 Ngf6 8.Nbd2 O-O
9.h3 Bh5 10.Nh4 Re8 11.Nf5 Bf8 12.Qe1 a5 13.a3 Bg6 14.Nh4 Qb6 15.Nxg6 hxg6
16.e3 Rad8 17.Qe2 Bc5 18.c3 Bd6 19.b4 c5 20.c4 cxb4 21.axb4 Bxb4 22.cxd5 Qa6
23.Nc4 a4 24.Rfb1 Bf8 25.Bc3 b5 26.Na3 Nc5 27.Nxb5 Rc8 28.d4 exd4 29.Bxd4 Nfe4
30.Qa2 g5 31.Bxe4 Rxe4 32.Bxc5 Rxc5 33.Nd4 Ra5 34.Nc6 Rc5 35.Rb8 Qd3 36.Rd8 Rc2
37.Qb1 Rxe3 38.Qb8 Rxg3+ 39.Qxg3 Qe2 40.Rxf8+ Kxf8 41.Qb8+ Qe8 42.Qxe8+ Kxe8  1/2-1/2

[Event "New York Marshall/Enhance"]
[Site "New York"]
[Date "1994.??.??"]
[Round "1"]
[White "Remlinger, Larry"]
[Black "Young, Ronald"]
[Result "1/2-1/2"]
[WhiteElo "2455"]
[BlackElo "2300"]

1.Nf3 d5 2.g3 Nf6 3.Bg2 c6 4.O-O Bf5 5.d3 h6 6.Nbd2 e6 7.e3 Be7 8.Qe2 O-O
9.b3 a5 10.a4 Na6 11.Bb2 Nb4 12.Rfc1 Nd7 13.e4 Bh7 14.d4 f5 15.exd5 exd5
16.c3 Na6 17.c4 Nb4 18.cxd5 Nxd5 19.Nc4 Bb4 20.Qe6+ Kh8 21.Nfe5 N5f6 22.Rd1 Qe8
23.Qxe8 Raxe8 24.Nxd7 Nxd7 25.d5 cxd5 26.Bxd5 f4 27.Bc6 bxc6 28.Rxd7 Re7
29.Rxe7 Bxe7 30.Ba3 Bxa3 31.Rxa3 fxg3 32.hxg3 Rf5 33.Ra1 Bg8 34.Rc1 Rc5 35.f4 g5
36.fxg5 hxg5 37.Kf2 Bxc4 38.Rxc4 Rxc4 39.bxc4 Kg7 40.Ke3 Kf6 41.Kd4 Kf5 42.Kc5 Kg4
43.Kxc6 Kxg3 44.c5 g4 45.Kb5 Kf3 46.c6 g3 47.c7 g2 48.c8=Q g1=Q 49.Qf5+ Ke2
50.Qc2+ Kf3 51.Qf5+ Ke2 52.Qc2+ Kf3 53.Qd3+ Kf4 54.Qc4+ Kf3 55.Qd5+ Kf4 56.Kxa5 Qa7+
57.Kb4 Qe7+ 58.Kb5 Qe8+ 59.Qc6 Qb8+ 60.Ka6 Kg3 61.a5 Kh3 62.Qd7+ Kh4 63.Qb7 Qd6+
64.Qb6 Qd3+ 65.Kb7 Qd5+ 66.Kc8 Qf5+ 67.Kb8 Qe5+ 68.Qc7 Qe8+ 69.Kb7 Qe4+ 70.Qc6 Qe7+
71.Kc8 Qf8+ 72.Kb7 Qe7+ 73.Qc7 Qe4+ 74.Kb6 Qe6+ 75.Kc5 Qe3+ 76.Kb4 Qe1+ 77.Qc3 Qe7+
78.Kb3 Qa7 79.Qc4+ Kg3 80.a6 Qb6+ 81.Ka4 Qf2 82.Qc7+ Kh3 83.Qh7+ Kg3 84.Qg7+ Kh3
85.a7 Qc2+ 86.Kb4 Qe4+ 87.Kc5 Qf5+ 88.Kd6 Qd3+ 89.Ke6 Qa6+ 90.Kf5 Qd3+ 91.Kf6 Qd4+
92.Kg6 Qe4+ 93.Kf7 Qd5+ 94.Ke7 Qb7+ 95.Kf6 Qf3+ 96.Ke6 Qc6+ 97.Kf5 Qf3+ 98.Kg5 Qg4+
99.Kh6 Qh4+ 100.Kg6 Qe4+ 101.Kf6 Qd4+ 102.Kf7  1/2-1/2

[Event "PCA/Intel-GP"]
[Site "New York"]
[Date "1994.??.??"]
[Round "2"]
[White "Kortschnoj, Viktor"]
[Black "Ivanchuk, Vassily"]
[Result "1/2-1/2"]
[WhiteElo "2615"]
[BlackElo "2695"]

1.Nf3 d5 2.g3 Bg4 3.Bg2 Nd7 4.c4 e6 5.Qa4 c6 6.cxd5 Bxf3 7.Bxf3 exd5 8.d4 Bd6
9.Qc2 Qf6 10.Be3 Ne7 11.Bg4 Qg6 12.Bxd7+ Kxd7 13.Qb3 Rhb8 14.Nd2 Nf5 15.Nf3 Nxe3
16.Qxe3 Qe4 17.Qb3 Ke8 18.O-O Kf8 19.Rfe1 a5 20.a3 a4 21.Qc3 Re8 22.Rad1 Re7
23.Rd3 Qf5 24.Nh4 Qd7 25.Re3 g6 26.Rxe7 Qxe7 27.Nf3 Kg8 28.e3 Qd8 29.h4 Ra5
30.Qc2 Rb5 31.Re2 Qb6 32.Ne1 Rb3 33.Nd3 h5 34.Nc1 Rb5 35.Na2 Rb3 36.Kg2 Kg7
37.Nc1 Rb5 38.Qc3 Be7 39.Nd3 Rb3 40.Qc2 Bd6 41.Rd2 Kg8 42.e4 dxe4 43.Nc5 e3
44.Re2 Bxc5 45.dxc5 Qd8 46.Rxe3 Qd5+ 47.Kh2 Rxe3 48.fxe3 Qe5 49.Qc3 Qxc3
50.bxc3 Kg7 51.Kg2 Kf6 52.e4 Ke5 53.Kf3 f5 54.exf5 Kxf5 55.Ke3 g5 56.hxg5 Kxg5
57.Kf3 Kf5 58.Ke3 Kg4 59.Kf2 Kg5 60.Ke3 Kg4 61.Kf2 Kg5  1/2-1/2

[Event "New York MCC"]
[Site "New York"]
[Date "1994.??.??"]
[Round "3"]
[White "Bonin, Jay R"]
[Black "Waitzkin, Joshua"]
[Result "1-0"]
[WhiteElo "2380"]
[BlackElo "2430"]

1.Nf3 d5 2.g3 c6 3.Bg2 Bg4 4.c4 e6 5.Qb3 Qb6 6.Ne5 Nf6 7.cxd5 Qxb3 8.axb3 exd5
9.Nxg4 Nxg4 10.Bh3 f5 11.f3 Nh6 12.d4 Bb4+ 13.Kf2 O-O 14.Bxh6 gxh6 15.Na3 Kg7
16.Nc2 Be7 17.b4 b5 18.Ra3 Bd6 19.Rha1 a6 20.Ne3 Kg6 21.Ng2 Bxb4 22.Re3 Ra7
23.Nh4+ Kf6 24.Nxf5 h5 25.Nh4 Re7 26.Rxe7 Kxe7 27.Nf5+ Kf6 28.Ne3 Ke7 29.Nc2 Bd6
30.Kg2 h4 31.e4 dxe4 32.fxe4 hxg3 33.hxg3 c5 34.e5 Bc7 35.Ne3 cxd4 36.Nd5+ Kd8
37.Rc1 Rf7 38.e6  1-0

[Event "Nice"]
[Site "Nice"]
[Date "1994.??.??"]
[Round "5"]
[White "Anic, Darko"]
[Black "Mitkov, Nikola"]
[Result "1-0"]
[WhiteElo "2450"]
[BlackElo "2470"]

1.Nf3 d5 2.g3 Bg4 3.Bg2 Nd7 4.d3 e6 5.Nbd2 Bd6 6.h3 Bh5 7.O-O Ne7 8.e4 c6
9.Qe1 Qb6 10.b3 Bxg3 11.exd5 cxd5 12.Nc4 dxc4 13.Be3 Qa6 14.fxg3 cxd3 15.c4 O-O
16.Qc3 Rac8 17.Bd4 Nf5 18.g4 Ng3 19.Rfe1 Bg6 20.Bxg7 Rfe8 21.Ne5 Rcd8 22.Bh6 Ne2+
23.Rxe2 dxe2 24.Nxf7 Nf6 25.Nxd8 Rxd8 26.Bf3 Qb6+ 27.Kg2 e5 28.Qxe5 Re8 29.Bd5+ Kh8
30.Qc3 Be4+ 31.Bxe4 Rxe4 32.Re1 Qc6 33.Qf3 Kg8 34.Kf2 Nd7 35.Bf4 Nc5 36.Kg3 Ne6
37.Rxe2 Rxe2 38.Qxe2 Nd4 39.Qe3 Ne6 40.Qf3 Qb6 41.Qe3 Qa6 42.Bb8 Qc6 43.Be5 Qa6
44.Qh6 Qb6 45.c5 Qa6 46.Kh4 Qc6 47.Qf6 Qd5 48.Qh8+ Kf7 49.Qxh7+ Ke8 50.Bf6 Qxc5
51.Qg8+ Nf8 52.Bg7 Qe7+ 53.Kh5  1-0

[Event "Nice"]
[Site "Nice"]
[Date "1994.??.??"]
[Round "9"]
[White "Anic, Darko"]
[Black "Prie, Eric"]
[Result "0-1"]
[WhiteElo "2450"]
[BlackElo "2475"]

1.Nf3 d5 2.g3 c6 3.Bg2 Bg4 4.c4 e6 5.Qa4 Nf6 6.cxd5 exd5 7.Nc3 Nbd7 8.d3 Bd6
9.O-O O-O 10.Be3 Re8 11.Rac1 Nc5 12.Bxc5 Bxc5 13.e4 dxe4 14.dxe4 Nd7 15.h3 Bh5
16.Rcd1 Qe7 17.g4 Bg6 18.Nd4 Nf8 19.Nf5 Qe5 20.Qb3 b5 21.Qc2 Ne6 22.Ne2 Ng5
23.Rd2 h5 24.Qc3 Qxc3 25.Nxc3 Bb4 26.Re2 Rad8 27.e5 Bxc3 28.bxc3 Rd3 29.Kh2 hxg4
30.hxg4 Bxf5 31.gxf5 Nf3+ 32.Bxf3 Rxf3 33.e6 Rxf5 34.e7 Rd5 35.c4 bxc4 36.Rc1 Rc5
37.Rd1 f6 38.Rd7 a5 39.Rc2 Kf7 40.Kg3 Rxe7 41.Rd4 c3 42.Rd3 Re4 43.Rdxc3 Rxc3+
44.Rxc3 Ra4 45.Rc2 g5 46.Rxc6 Rxa2 47.Rc4 Rb2 48.f4 Rb4 49.Rc7+ Kg6 50.fxg5 fxg5
51.Ra7 a4 52.Ra8 g4  0-1

[Event "JUG-chT"]
[Site "Nis"]
[Date "1994.??.??"]
[Round "?"]
[White "Lazarevic, Slobodan"]
[Black "Todorovic, Goran M"]
[Result "1/2-1/2"]
[WhiteElo "2365"]
[BlackElo "2455"]

1.Nf3 d5 2.g3 c5 3.Bg2 Nc6 4.O-O e5 5.c4 d4 6.d3 Nf6 7.e3 Be7 8.exd4 exd4
9.Bf4 O-O 10.Ne5 Nxe5 11.Bxe5 Bg4 12.Bf3 Bxf3 13.Qxf3 Qb6 14.Bxf6 Bxf6 15.Nd2 Rae8
16.Rab1 Re6 17.a3 a5 18.b3 Rfe8 19.Ne4 Be7 20.Rfe1 g6 21.Nd2 Bg5 22.Rxe6 Rxe6
23.Ne4 Be7 24.h4 Kg7 25.Kf1 a4 26.b4 cxb4 27.axb4 a3 28.Qd1 Bxb4 29.Qa4 Qa6
30.Qxb4 Rb6 31.Qe1 a2 32.Rxb6 Qxb6 33.Nd2 Qb2 34.Qe5+ Kf8 35.Qh8+ Ke7 36.Qe5+ Kf8
37.Qh8+ Ke7 38.Qe5+ Kd7 39.Qd5+ Ke7 40.Qe5+ Kd7 41.Qd5+ Kc8 42.Qc5+ Kb8  1/2-1/2

[Event "NLD-ch"]
[Site "?"]
[Date "1994.??.??"]
[Round "5"]
[White "Van der Werf, Mark"]
[Black "Sosonko, Gennadi"]
[Result "0-1"]
[WhiteElo "2430"]
[BlackElo "2525"]

1.Nf3 d5 2.g3 c5 3.Bg2 Nc6 4.c4 d4 5.d3 e5 6.O-O Nf6 7.e3 Be7 8.exd4 exd4
9.Bf4 O-O 10.Ne5 Nxe5 11.Bxe5 Ng4 12.Bf4 Bd6 13.Qd2 Re8 14.Bxd6 Qxd6 15.Na3 Bd7
16.h3 Ne5 17.f4 Nc6 18.Nc2 Re7 19.Rae1 Rae8 20.Rxe7 Rxe7 21.Re1 b6 22.Kf2 h5
23.h4 g6 24.Re4 Kg7 25.Rxe7 Nxe7 26.b4 Nf5 27.Bh3 Qc6 28.Bg2 Qa4 29.bxc5 bxc5
30.a3 Qb3 31.Bh3 Qb2 32.Qe2 Kh7 33.Bxf5 Bxf5 34.a4 Bg4 35.Qd2 a5 36.Kf1 Qa2
37.Qf2 Qxa4 38.Ne1 Qd1 39.Kg2 a4  0-1

[Event "NLD-sf"]
[Site "?"]
[Date "1994.??.??"]
[Round "1"]
[White "Vogel, Jaap"]
[Black "Jonkman, Harmen"]
[Result "1/2-1/2"]
[WhiteElo "2300"]
[BlackElo "2280"]

1.Nf3 d5 2.g3 Nf6 3.Bg2 e6 4.b3 c5 5.c4 Be7 6.O-O O-O 7.Bb2 b6 8.cxd5 Nxd5
9.d4 Bb7 10.Ne5 cxd4 11.Qxd4 Bf6 12.Qd2 Nc6 13.Nxc6 Bxc6 14.Rd1 Rc8 15.Na3 Qe7
16.e4 Nc3 17.Bxc3 Bxc3 18.Qxc3 Qxa3 19.Qe5  1/2-1/2